جد ید جاہلیت / (Record no. 171900)

MARC details
000 -LEADER
fixed length control field 00508nam a22001817a 4500
005 - DATE AND TIME OF LATEST TRANSACTION
control field 20200123110115.0
010 ## - LCCN (DPL NO)
LC control number 994449
020 ## - INTERNATIONAL STANDARD BOOK NUMBER
Terms of availability 15.00
035 ## - SYSTEM CONTROL NUMBER
System control number 994449
037 ## - SOURCE OF ACQUISITION
Source of stock number/acquisition BPPD/Pub.
082 ## - DEWEY DECIMAL CLASSIFICATION NUMBER
Classification number 270.61
100 ## - MAIN ENTRY--PERSONAL NAME
Personal name محمد قوطب
245 ## - TITLE STATEMENT
Title جد ید جاہلیت /
Statement of responsibility, etc محمد قوطب
246 ## - VARYING FORM OF TITLE
Title proper/short title Jadeed Jahiliyat (Urdu) /
Remainder of title by Mohammed Qutub
260 ## - PUBLICATION, DISTRIBUTION, ETC. (IMPRINT)
Place of publication, distribution, etc Delhi
Name of publisher, distributor, etc Markazi Maktaba Islami
Date of publication, distribution, etc 1979 ء
300 ## - PHYSICAL DESCRIPTION
Extent 408p.
Dimensions 19cm(Hb)
942 ## - ADDED ENTRY ELEMENTS (KOHA)
Source of classification or shelving scheme Dewey Decimal Classification
Item type Urdu Bks
Classification part 270.61
Call number suffix م ح م
Holdings
Withdrawn status Lost status Not for loan Collection code Home library Current library Date acquired Source of acquisition Cost, normal purchase price Full call number Barcode Copy number Cost, replacement price Koha item type
      Non-fiction Central Library Central Library 23/01/2020 BPPD/Ven. 15.00 270.61 م ح م 994449 1 15.00 Urdu Bks

© Delhi Public Library
Hit Counter
free hit counter